Antecedentes históricos de la Cumbre de Esquipulas
A muchas personas ha sorprendido el resultado de la reunión de Esquipulas II, especialmente a sociólogos, periodistas y políticos, pero para otras personas el hecho no los ha sorprendido grandemente, sino que más bien lo ven como un fruto de un largo proceso histórico de intentos de "integració...
Uloženo v:
| Médium: | Text |
|---|---|
| Jazyk: | Spanish |
| Témata: | |
| Tagy: |
Přidat tag
Žádné tagy, Buďte první, kdo vytvoří štítek k tomuto záznamu!
|
MARC
| LEADER | 00000 a a2200000 04500 | ||
|---|---|---|---|
| 001 | 17416 | ||
| 003 | cru CIDCACS/IIS | ||
| 005 | 20230615145438.0 | ||
| 008 | 230612b |||||||| |||| 00| 0 spa d | ||
| 040 | |c cru CIDCACS/IIS | ||
| 245 | |a Antecedentes históricos de la Cumbre de Esquipulas | ||
| 500 | |a Colección Centroamérica | ||
| 520 | |a A muchas personas ha sorprendido el resultado de la reunión de Esquipulas II, especialmente a sociólogos, periodistas y políticos, pero para otras personas el hecho no los ha sorprendido grandemente, sino que más bien lo ven como un fruto de un largo proceso histórico de intentos de "integración regional y por la necesidad que tienen los pueblos de Centroamérica de encontrar una solución global y colectiva a sus problemas más inmediatos". Se hace un análisis histórico de los intentos de integración panamericana que propone Bolívar desde el Congreso Anfoctiónico, donde Bolívar invitó a los gobiernos de Colombia, México, Río del Plata, Chile y Guatemala, en éste, Bolivar tenía como objetivo proponer a otros Estados, pactos de unión y confederación entre las naciones independiente de América Latina. En el congreso de Panamá se dieron como temas principales: el afianzamiento de la independencia de las nuevas naciones, la seguridad interna de las naciones y la no intervención extranjera, la igualdad jurídica de todos los Estados americanos, los estatutos para reglamentar las relaciones entre las naciones y las reformas sociales. Este congreso fue uno de los primeros antecedentes de lo que en 1987 llegaría a ser el acuerdo llamado Esquipulas II y que consiste en una salida pacífica de la región a sus problemas. OB/MR | ||
| 650 | |a PLANES DE PAZ | ||
| 650 | |a INTERVENCION EXTRANJERA | ||
| 650 | |a INTEGRACION REGIONAL | ||
| 650 | |a AUTODETERMINACION | ||
| 651 | 0 | |9 308 |a CENTROAMERICA | |
| 773 | |g número 2; páginas 1-3 | ||
| 773 | 0 | |0 45062 |9 9212 |a Centro Español de Estudios de América Latina, CEDEAL |d Madrid: CEDEAL |o 22927 |t Serie Estudios / |z 84-87258-07-7 | |
| 942 | |2 ddc |c PP | ||
| 999 | |c 39869 |d 39869 | ||



